[Event "BAN-chB 47th"]
[Site "Dhaka"]
[Date "2022.11.04"]
[Round "9"]
[White "Md Emdadul, Haque"]
[Black "Faisal, Hossain"]
[Result "1-0"]
[WhiteElo "1963"]
[BlackElo "1824"]
[PlyCount "20"]
[EventDate "2022.10.27"]
[EventType "swiss"]
[EventRounds "11"]
[EventCountry "BAN"]
[SourceTitle "EXT 2024"]
[Source "ChessBase"]
[SourceDate "2023.10.10"]
[SourceVersion "1"]
[SourceVersionDate "2023.10.10"]
[SourceQuality "1"]

1. d4 Nf6 2. Bf4 c5 3. e3 Qb6 4. b3 g6 5. a3 Bg7 6. Nf3 d6 7. Be2 Nc6 8. c3 Na5 9. Nbd2 d5 10. 0-0 0-0 1-0

[Event "Dhaka Bangabandhu op-A"]
[Site "Dhaka"]
[Date "2021.03.14"]
[Round "6"]
[White "Md Emdadul, Haque"]
[Black "Nusrat Jahan, Alo"]
[Result "1-0"]
[WhiteElo "1988"]
[BlackElo "1806"]
[PlyCount "60"]
[EventDate "2021.03.09"]
[EventType "swiss"]
[EventRounds "9"]
[EventCountry "BAN"]
[SourceTitle "CBM 201 Extra"]
[Source "ChessBase"]
[SourceDate "2021.05.31"]
[SourceVersion "1"]
[SourceVersionDate "2021.05.31"]
[SourceQuality "1"]

1. d4 d5 2. Bf4 c5 3. c3 Qb6 4. Qb3 c4 5. Qc2 Nc6 6. Nd2 g6 7. e4 e6 8. Ngf3 Nge7 9. Be2 Bg7 10. 0-0 Qd8 11. a4 0-0 12. h3 b6 13. Rfe1 Bb7 14. Nh2 f6 15. Ndf1 e5 16. dxe5 fxe5 17. Bg5 Na5 18. exd5 Bxd5 19. Ne3 Be6 20. Nxc4 Nb7 21. Nd2 Bf6 22. Ne4 Bxg5 23. Nxg5 Bd7 24. Qb3+ Kg7 25. Ne6+ Bxe6 26. Qxe6 Qc7 27. Ng4 Nc6 28. Bf3 h5 29. Qxc6 Qxc6 30. Bxc6 Na5 1-0

[Event "Dhaka Bangabandhu op-A"]
[Site "Dhaka"]
[Date "2021.03.12"]
[Round "4"]
[White "Ahmed, Walijah"]
[Black "Md Emdadul, Haque"]
[Result "1-0"]
[WhiteElo "1840"]
[BlackElo "1988"]
[PlyCount "84"]
[EventDate "2021.03.09"]
[EventType "swiss"]
[EventRounds "9"]
[EventCountry "BAN"]
[SourceTitle "CBM 201 Extra"]
[Source "ChessBase"]
[SourceDate "2021.05.31"]
[SourceVersion "1"]
[SourceVersionDate "2021.05.31"]
[SourceQuality "1"]

1. e4 c5 2. Nf3 Nc6 3. d4 cxd4 4. Nxd4 e6 5. Nc3 Bc5 6. Nb3 Bb4 7. Bd3 Nge7 8. 0-0 0-0 9. Ne2 Ng6 10. c3 Be7 11. Nbd4 e5 12. Nf5 d6 13. Neg3 Re8 14. Bc4 Be6 15. Bb3 Bf8 16. Be3 Qc7 17. h4 Bxb3 18. axb3 Kh8 19. Qd2 Nge7 20. Nxd6 Reb8 21. Nxf7+ Kg8 22. Qd6 Qxd6 23. Nxd6 Rd8 24. Ndf5 h6 25. h5 Kh7 26. Rfd1 Ng8 27. Kf1 Nf6 28. f3 b6 29. Ke2 Rdc8 30. Ra6 Rc7 31. b4 Rac8 32. Rda1 Nd7 33. Nf1 Ndb8 34. R6a2 Rd7 35. Nd2 Rdc7 36. Nb3 Bxb4 37. cxb4 Nxb4 38. Rxa7 Rc2+ 39. Nd2 N4c6 40. Rxg7+ Kh8 41. Rg6 Rd8 42. Nd6 Rc8 1-0

[Event "Dhaka Bangabandhu op-A"]
[Site "Dhaka"]
[Date "2021.03.11"]
[Round "3"]
[White "Md Emdadul, Haque"]
[Black "Noshin, Anjum"]
[Result "1/2-1/2"]
[WhiteElo "1988"]
[BlackElo "1874"]
[PlyCount "161"]
[EventDate "2021.03.09"]
[EventType "swiss"]
[EventRounds "9"]
[EventCountry "BAN"]
[SourceTitle "CBM 201 Extra"]
[Source "ChessBase"]
[SourceDate "2021.05.31"]
[SourceVersion "1"]
[SourceVersionDate "2021.05.31"]
[SourceQuality "1"]

1. d4 d5 2. Bf4 Nf6 3. e3 e6 4. Nf3 Bd6 5. Bg5 c5 6. c3 Nc6 7. Nbd2 0-0 8. Be2 b6 9. 0-0 Bb7 10. Re1 h6 11. Bh4 Re8 12. Rc1 Rc8 13. Bb5 a6 14. Ba4 b5 15. Bc2 cxd4 16. exd4 Be7 17. Ne5 Nxe5 18. dxe5 Nd7 19. Bxe7 Qxe7 20. Nf3 b4 21. Qd3 Nf8 22. Nd4 bxc3 23. bxc3 Qa3 24. Bb1 Re7 25. Qd2 Rec7 26. Re3 Rc4 27. Rc2 Bc6 28. Rg3 Kh8 29. h3 Rb8 30. Nb3 a5 31. Rc1 a4 32. Nd4 Qe7 33. Bd3 Rc5 34. Qd1 Bd7 35. Qg4 f6 36. f4 f5 37. Qe2 Qh4 38. Rf3 Ng6 39. Qe3 Rc7 40. Rf2 Ne7 41. Kh2 Rcb7 42. Nf3 Qh5 43. Qc5 Qf7 44. Qa3 Ng6 45. Nd4 Qe7 46. Qxe7 Nxe7 47. a3 h5 48. Rff1 Nc6 49. Rb1 Nxd4 50. cxd4 Bb5 51. Bxb5 Rxb5 52. Rxb5 Rxb5 53. Rc1 Rb3 54. Rc6 Rxa3 55. Rxe6 Rd3 56. g4 hxg4 57. hxg4 fxg4 58. Rd6 Rxd4 59. Kg3 a3 60. Ra6 Re4 61. Rxa3 g5 62. fxg5 Rxe5 63. Kxg4 d4 64. Ra8+ Kg7 65. Rd8 Re1 66. Rd7+ Kg6 67. Rd6+ Kg7 68. Rxd4 Rg1+ 69. Kf5 Rf1+ 70. Rf4 Rxf4+ 71. Kxf4 Kg6 72. Kg4 Kg7 73. Kf5 Kf7 74. g6+ Kg7 75. Kg5 Kg8 76. Kf6 Kf8 77. Kg5 Kg7 78. Kh5 Kg8 79. Kh6 Kh8 80. g7+ Kg8 81. Kg6 1/2-1/2

[Event "Dhaka Borsho op"]
[Site "Dhaka"]
[Date "2021.01.09"]
[Round "1"]
[White "Rahman, Ziaur"]
[Black "Md Emdadul, Haque"]
[Result "1-0"]
[WhiteElo "2415"]
[BlackElo "2026"]
[PlyCount "53"]
[EventDate "2021.01.09"]
[EventType "swiss"]
[EventRounds "9"]
[EventCountry "BAN"]
[SourceTitle "CBM 200 Extra"]
[Source "ChessBase"]
[SourceDate "2021.03.31"]
[SourceVersion "1"]
[SourceVersionDate "2021.03.31"]
[SourceQuality "1"]

1. Nf3 Nf6 2. g3 g6 3. Bg2 Bg7 4. c4 c5 5. Nc3 Nc6 6. d4 cxd4 7. Nxd4 a6 8. 0-0 0-0 9. c5 Nxd4 10. Qxd4 d6 11. Qb4 dxc5 12. Qxc5 Nd7 13. Qa3 e6 14. Rd1 Qc7 15. Bf4 Be5 16. Bh6 Bg7 17. Bxg7 Kxg7 18. Rac1 Qe5 19. Ne4 Nf6 20. f4 Qf5 21. Nf2 Ng8 22. Rc5 Qf6 23. Ne4 Qe7 24. Qc3+ Kh6 25. g4 g5 26. Rxg5 f6 27. Qh3# 1-0

[Event "BAN-ch 45th"]
[Site "Dhaka"]
[Date "2019.11.03"]
[Round "2"]
[White "Anata, Choudhury"]
[Black "Md Emdadul, Haque"]
[Result "0-1"]
[WhiteElo "2159"]
[BlackElo "2070"]
[PlyCount "70"]
[EventDate "2019.11.02"]
[EventType "swiss"]
[EventRounds "10"]
[EventCountry "BAN"]
[SourceTitle "CBM 192 Extra"]
[Source "Chessbase"]
[SourceDate "2019.11.06"]
[SourceVersion "1"]
[SourceVersionDate "2019.11.06"]
[SourceQuality "1"]

1. e4 e5 2. Nf3 Nc6 3. Bb5 a6 4. Ba4 Nf6 5. Nc3 b5 6. Bb3 Bc5 7. a4 b4 8. Nd5 0-0 9. d3 h6 10. 0-0 d6 11. c3 Bg4 12. Nxf6+ Qxf6 13. Bd5 Bd7 14. d4 exd4 15. cxd4 Nxd4 16. Bxa8 Rxa8 17. Be3 Nxf3+ 18. Qxf3 Qxb2 19. e5 Re8 20. Bxc5 dxc5 21. Qd3 Bc8 22. e6 Bxe6 23. Qxa6 Qe5 24. Qb5 c6 25. Qxc6 Rc8 26. Qb7 b3 27. a5 b2 28. Rae1 Qb8 29. Qe4 c4 30. Qc2 c3 31. Re3 Ba2 32. Ree1 Bb3 33. Qb1 Bc4 34. Qc2 Qb3 35. Re2 Qxc2 0-1

[Event "BAN-chB 44th"]
[Site "Dhaka"]
[Date "2018.11.20"]
[Round "9"]
[White "Zia, Tahsin Tajwar"]
[Black "Md Emdadul, Haque"]
[Result "1-0"]
[WhiteElo "1803"]
[BlackElo "2047"]
[PlyCount "86"]
[EventDate "2018.11.13"]
[EventType "swiss"]
[EventRounds "9"]
[EventCountry "BAN"]
[SourceTitle "CBM 187 Extra"]
[Source "ChessBase"]
[SourceDate "2018.11.04"]
[SourceVersion "1"]
[SourceVersionDate "2018.11.04"]
[SourceQuality "1"]

1. Nf3 d5 2. g3 Nf6 3. Bg2 g6 4. 0-0 Bg7 5. d3 0-0 6. c3 Nbd7 7. Nbd2 e5 8. Qc2 Re8 9. e4 dxe4 10. dxe4 Qe7 11. Rd1 Nb6 12. a4 a5 13. b3 Rd8 14. Ba3 c5 15. h3 Bd7 16. Ne1 Bc6 17. Nd3 Nbd7 18. Re1 b6 19. Nc4 Ne8 20. Rad1 Kh8 21. Qe2 Rab8 22. h4 Bb7 23. f3 Ba6 24. Ne3 Nf8 25. Nd5 Qb7 26. c4 Ne6 27. Bb2 f6 28. f4 Nd4 29. Bxd4 cxd4 30. fxe5 fxe5 31. Rf1 Nd6 32. Rf2 Qd7 33. Rdf1 h5 34. Kh2 Bc8 35. Rf6 Bxf6 36. Rxf6 Kg7 37. Nxe5 Qe8 38. Rxg6+ Qxg6 39. Nxg6 Kxg6 40. Ne7+ Kf7 41. Nc6 Bg4 42. Qf2+ Kg6 43. Qxd4 Nf7 1-0

[Event "BAN-chB 44th"]
[Site "Dhaka"]
[Date "2018.11.15"]
[Round "3"]
[White "Md Emdadul, Haque"]
[Black "Md Zakaria"]
[Result "1-0"]
[WhiteElo "2047"]
[BlackElo "1902"]
[PlyCount "67"]
[EventDate "2018.11.13"]
[EventType "swiss"]
[EventRounds "9"]
[EventCountry "BAN"]
[SourceTitle "CBM 187 Extra"]
[Source "ChessBase"]
[SourceDate "2018.11.04"]
[SourceVersion "1"]
[SourceVersionDate "2018.11.04"]
[SourceQuality "1"]

1. d4 d5 2. Bf4 Nf6 3. e3 e6 4. Nd2 c5 5. c3 Nc6 6. Ngf3 Bd6 7. Bg5 h6 8. Bh4 Qe7 9. Be2 e5 10. dxe5 Nxe5 11. Nxe5 Bxe5 12. Nf3 g5 13. Bg3 Bd6 14. Qd3 Be6 15. Qb5+ Kf8 16. Rd1 Bxg3 17. hxg3 Kg7 18. Qa4 a6 19. Qc2 b5 20. 0-0 Rhd8 21. b3 Qc7 22. c4 dxc4 23. bxc4 b4 24. Qb2 a5 25. Ne5 Rxd1 26. Bxd1 a4 27. f4 a3 28. Qa1 Ra6 29. fxg5 hxg5 30. Nc6 Rxc6 31. Qxf6+ Kf8 32. Qh6+ Ke8 33. Ba4 Kd8 34. Qf8+ 1-0

[Event "BAN Walton 1st League"]
[Site "Dhaka"]
[Date "2018.10.31"]
[Round "7.1"]
[White "Md Emdadul, Haque"]
[Black "Ghosh, Chanchal Kumer"]
[Result "0-1"]
[WhiteElo "2047"]
[BlackElo "2069"]
[PlyCount "122"]
[EventDate "2018.10.25"]
[EventType "team-tourn"]
[EventRounds "11"]
[EventCountry "BAN"]
[SourceTitle "CBM 187 Extra"]
[Source "ChessBase"]
[SourceDate "2018.11.04"]
[SourceVersion "1"]
[SourceVersionDate "2018.11.04"]
[SourceQuality "1"]
[WhiteTeam "Agrani Bank Daba Dal"]
[BlackTeam "Uttara Central CC"]
[WhiteTeamCountry "BAN"]
[BlackTeamCountry "BAN"]

1. d4 Nf6 2. Bf4 d6 3. e3 g6 4. Nf3 Bg7 5. Nbd2 c6 6. c3 0-0 7. Be2 Nbd7 8. h3 h6 9. 0-0 Nd5 10. Bh2 e5 11. c4 Nc7 12. Qc2 Ne6 13. dxe5 dxe5 14. Rad1 Qe7 15. Ne4 f5 16. Nd6 e4 17. Ne1 Ne5 18. c5 Kh7 19. b4 h5 20. Kh1 Nc7 21. Bxe5 Bxe5 22. f4 exf3 23. Bxf3 Ne6 24. Be2 Ng5 25. Nf3 Nxf3 26. Rxf3 Be6 27. Bc4 Bxc4 28. Nxc4 Bc7 29. Qc3 Rad8 30. Rd4 b5 31. Na5 Qe5 32. g3 Rxd4 33. exd4 Qd5 34. Qb3 Qe4 35. Qd3 Qxd3 36. Rxd3 Bxa5 37. bxa5 Rd8 38. Kg2 Kg7 39. Kf2 a6 40. Ke2 Kf6 41. Kd2 g5 42. Ke3 Ke6 43. Kd2 Kd5 44. Rf3 Kc4 45. Rc3+ Kb4 46. Rb3+ Kc4 47. Rc3+ Kd5 48. Rf3 Rf8 49. Kd3 f4 50. Rf1 f3 51. Re1 Rf5 52. g4 hxg4 53. hxg4 f2 54. Rf1 Rf4 55. Ke3 Re4+ 56. Kf3 Rxd4 57. Rxf2 Rf4+ 58. Kg3 Rxf2 59. Kxf2 Kxc5 60. Ke3 Kd5 61. Kd3 b4 0-1

[Event "BAN Marcel 1st Div"]
[Site "Dhaka"]
[Date "2018.01.04"]
[Round "6.1"]
[White "Bhuiyan, Golam Mostafa"]
[Black "Md Emdadul, Haque"]
[Result "1/2-1/2"]
[WhiteElo "2106"]
[BlackElo "2018"]
[PlyCount "206"]
[EventDate "2017.12.30"]
[EventType "team-tourn"]
[EventRounds "9"]
[EventCountry "BAN"]
[SourceTitle "CBM 182 Extra"]
[Source "ChessBase"]
[SourceDate "2018.02.23"]
[SourceVersion "1"]
[SourceVersionDate "2018.02.23"]
[SourceQuality "1"]
[WhiteTeam "Janata Bank Officer Welfare"]
[BlackTeam "Hasan Memorial CC"]
[WhiteTeamCountry "BAN"]
[BlackTeamCountry "BAN"]

1. e4 c5 2. Nf3 Nc6 3. d4 cxd4 4. Nxd4 e6 5. a3 a6 6. Nc3 Nf6 7. Be2 Be7 8. Be3 d6 9. h3 Qc7 10. 0-0 h6 11. Qd2 Bd7 12. Kh1 Rc8 13. f4 Nxd4 14. Bxd4 e5 15. Be3 Bc6 16. Bf3 0-0 17. Rad1 Rfd8 18. Qf2 Re8 19. Rd2 b5 20. Qg3 Kh7 21. Rfd1 g6 22. fxe5 dxe5 23. Qh4 Ng8 24. Qf2 Nf6 25. Bb6 Qb7 26. Ba5 Kg7 27. Nd5 Bxd5 28. exd5 Bd6 29. Rf1 Qe7 30. Re2 e4 31. Bc3 Rxc3 32. bxc3 Qe5 33. g4 Qxd5 34. Bg2 Qe5 35. Qg1 Qxc3 36. Rxf6 Qxf6 37. Bxe4 Qf4 38. Qd4+ Kg8 39. Kg1 Qg3+ 40. Kf1 Qf4+ 41. Kg1 Rc8 42. Qd3 Bc5+ 43. Kg2 Re8 44. Qf3 Qxf3+ 45. Kxf3 Bxa3 46. Rd2 Kg7 47. Rd7 Re7 48. Rd1 Bb2 49. Rd6 Ra7 50. Rb6 Bc3 51. Bc6 b4 52. Ba4 a5 53. Rb5 Re7 54. Bb3 Ra7 55. Ba4 Kf6 56. Ke4 Re7+ 57. Kf3 Kg7 58. Bb3 Ra7 59. Ba4 Kf6 60. Kf4 Kg7 61. Kf3 Ra6 62. Rb7 Rf6+ 63. Kg2 g5 64. Rb5 Ra6 65. Rf5 Ra7 66. Kf3 f6 67. Rd5 Kf7 68. Rb5 Ke7 69. Rd5 Be5 70. Ke4 Rc7 71. Rd3 Kf7 72. Kf5 Re7 73. Rd8 Bc3 74. Rd7 Rxd7 75. Bxd7 Ke7 76. Ba4 Kd6 77. Ke4 Kc5 78. Be8 Be5 79. Kd3 Bf4 80. Ba4 Kd5 81. Bd7 Ke5 82. Bc6 Bc1 83. Ke2 Kd4 84. Ba4 Kc3 85. Kd1 Bf4 86. Ke2 Kb2 87. Kd3 Ka3 88. Bd7 b3 89. cxb3 Kxb3 90. Be6+ Kb2 91. Bd7 Kb3 92. Be6+ Kb4 93. Bf7 a4 94. Bg8 Ka3 95. Kc2 Be5 96. Bf7 Kb4 97. Kd3 Kc5 98. Ke4 Bb2 99. Ba2 Kd6 100. Bg8 Ke7 101. Bd5 Kf8 102. Bc6 Kf7 103. Bxa4 Ke6 1/2-1/2

[Event "BAN-chB 43rd"]
[Site "Dhaka"]
[Date "2017.11.10"]
[Round "4"]
[White "Islam, Khandaker Aminul"]
[Black "Md Emdadul, Haque"]
[Result "1-0"]
[WhiteElo "2222"]
[BlackElo "2023"]
[PlyCount "51"]
[EventDate "2017.11.07"]
[EventType "swiss"]
[EventRounds "11"]
[EventCountry "BAN"]
[SourceTitle "CBM 181 Extra"]
[Source "ChessBase"]
[SourceDate "2017.12.12"]
[SourceVersion "1"]
[SourceVersionDate "2017.12.12"]
[SourceQuality "1"]

1. Nf3 Nf6 2. c4 c5 3. Nc3 Nc6 4. g3 g6 5. Bg2 Bg7 6. a3 a6 7. Rb1 e5 8. d3 h6 9. 0-0 0-0 10. Ne1 d6 11. Nc2 Rb8 12. b4 Nd4 13. Ne3 a5 14. bxc5 dxc5 15. Na4 b6 16. Nxc5 Bg4 17. Nxg4 bxc5 18. Rxb8 Qxb8 19. Nxf6+ Bxf6 20. Bxh6 Rd8 21. Bc1 Qb1 22. Qd2 Rb8 23. Bd5 Kf8 24. Kg2 Nb3 25. Qh6+ Ke7 26. Qh7 1-0

[Event "BAN-chT2"]
[Site "Dhaka"]
[Date "2016.11.06"]
[Round "4.2"]
[White "Rahman, Siddiqur"]
[Black "Md Emdadul, Haque"]
[Result "1-0"]
[WhiteElo "2066"]
[BlackElo "1996"]
[PlyCount "83"]
[EventDate "2016.11.03"]
[EventType "team-swiss"]
[EventRounds "7"]
[EventCountry "BAN"]
[SourceTitle "CBM 175 Extra"]
[Source "ChessBase"]
[SourceDate "2016.12.12"]
[SourceVersion "1"]
[SourceVersionDate "2016.12.12"]
[SourceQuality "1"]
[WhiteTeam "Esoft Arena"]
[BlackTeam "Uttara Central CC"]
[WhiteTeamCountry "BAN"]
[BlackTeamCountry "BAN"]

1. d4 Nf6 2. c4 c6 3. Nc3 d5 4. e3 g6 5. Nf3 Bg7 6. Bd3 Nbd7 7. 0-0 0-0 8. cxd5 cxd5 9. Qb3 e6 10. Bd2 a6 11. a4 b6 12. e4 dxe4 13. Nxe4 Bb7 14. Bg5 h6 15. Bh4 g5 16. Nxf6+ Qxf6 17. Bg3 Bxf3 18. gxf3 Qxd4 19. Rfd1 Qxb2 20. Qxb2 Bxb2 21. Rab1 Be5 22. Be4 Bxg3 23. Bxa8 Ne5 24. hxg3 Rxa8 25. Rxb6 Nxf3+ 26. Kg2 g4 27. Rdb1 Kg7 28. Rb8 Ne1+ 29. Kf1 Rxb8 30. Rxb8 Nd3 31. Rb6 Nc5 32. a5 Kf6 33. Rc6 Nb7 34. Rxa6 Ke5 35. Ra7 Nc5 36. Rxf7 Kd6 37. Rh7 Kc6 38. Rxh6 Kb7 39. Rh5 Nb3 40. Re5 Ka6 41. Rxe6+ Kxa5 42. Rg6 1-0

[Event "BAN-chT2"]
[Site "Dhaka"]
[Date "2016.11.05"]
[Round "3.2"]
[White "Md Emdadul, Haque"]
[Black "Hossain, Delwar"]
[Result "1/2-1/2"]
[WhiteElo "1996"]
[BlackElo "2125"]
[PlyCount "137"]
[EventDate "2016.11.03"]
[EventType "team-swiss"]
[EventRounds "7"]
[EventCountry "BAN"]
[SourceTitle "CBM 175 Extra"]
[Source "ChessBase"]
[SourceDate "2016.12.12"]
[SourceVersion "1"]
[SourceVersionDate "2016.12.12"]
[SourceQuality "1"]
[WhiteTeam "Uttara Central CC"]
[BlackTeam "Janata Bank Officer Welfare"]
[WhiteTeamCountry "BAN"]
[BlackTeamCountry "BAN"]

1. d4 Nf6 2. Bf4 d5 3. e3 g6 4. Nf3 Bg7 5. Nbd2 0-0 6. Be2 Nbd7 7. h3 c5 8. c3 b6 9. 0-0 a5 10. Re1 Bb7 11. Ne5 Rc8 12. Rc1 c4 13. Bf3 Nxe5 14. Bxe5 b5 15. b3 Qd7 16. bxc4 dxc4 17. e4 Ba6 18. Qc2 e6 19. Rb1 Qe7 20. Be2 Nd7 21. Bxg7 Kxg7 22. a4 b4 23. cxb4 axb4 24. Rec1 Nb6 25. a5 b3 26. Qd1 Na4 27. Nxc4 Bxc4 28. Rxc4 Nc3 29. Rxc3 Rxc3 30. Rxb3 Rfc8 31. Rxc3 Rxc3 32. a6 Qc7 33. Bf1 Rc1 34. Qd3 Qc2 35. Qxc2 Rxc2 36. d5 exd5 37. exd5 Kf8 38. Bb5 Ra2 39. g4 Ke7 40. Kg2 Ra3 41. Be2 f6 42. Bb5 Kd6 43. Bc4 g5 44. Be2 h6 45. Bc4 Kc5 46. Be2 Kxd5 47. Bf3+ Ke5 48. Bb7 f5 49. gxf5 Kxf5 50. Kf1 Ke5 51. Kg2 h5 52. Bf3 h4 53. Bb7 Kf4 54. Bc8 Ra1 55. Bb7 Ra3 56. Bc8 Ke5 57. Bb7 Kf6 58. Bc8 Ke7 59. Bb7 Kd6 60. Kh2 Ke5 61. Kg2 Kf4 62. Bc8 Ra1 63. Bb7 g4 64. hxg4 Kxg4 65. Bc8+ Kf4 66. Bb7 Ra3 67. Bc8 Ke4 68. Kh2 Ra1 69. Bb7+ 1/2-1/2

[Event "BAN-chT2"]
[Site "Dhaka"]
[Date "2016.11.04"]
[Round "2.2"]
[White "Md Imamul, Haque"]
[Black "Md Emdadul, Haque"]
[Result "0-1"]
[WhiteElo "1733"]
[BlackElo "1996"]
[PlyCount "110"]
[EventDate "2016.11.03"]
[EventType "team-swiss"]
[EventRounds "7"]
[EventCountry "BAN"]
[SourceTitle "CBM 175 Extra"]
[Source "ChessBase"]
[SourceDate "2016.12.12"]
[SourceVersion "1"]
[SourceVersionDate "2016.12.12"]
[SourceQuality "1"]
[WhiteTeam "BCF Sports"]
[BlackTeam "Uttara Central CC"]
[WhiteTeamCountry "BAN"]
[BlackTeamCountry "BAN"]

1. d4 Nf6 2. c4 c6 3. Nc3 d5 4. e3 g6 5. Nf3 Bg7 6. Be2 0-0 7. 0-0 e6 8. b3 Nbd7 9. Qc2 Re8 10. Bb2 b6 11. cxd5 exd5 12. Rac1 Bb7 13. Rfd1 Qe7 14. Nd2 b5 15. Bf3 a6 16. Ne2 Rac8 17. Nf4 Ne4 18. Nf1 f5 19. Nd3 a5 20. Bxe4 fxe4 21. Nc5 Nxc5 22. Qxc5 Qxc5 23. Rxc5 Re6 24. f4 exf3 25. gxf3 Bf8 26. Rc2 b4 27. Re1 Rce8 28. Kf2 h5 29. Nd2 Be7 30. e4 Bh4+ 31. Ke2 Ba6+ 32. Kd1 Bxe1 33. Kxe1 Bd3 34. Rc5 dxe4 35. f4 Rf8 36. Rxa5 Rxf4 37. Ra8+ Kf7 38. Nc4 Rf1+ 39. Kd2 Rf2+ 40. Kc1 Bxc4 41. Ra7+ Re7 42. Rxe7+ Kxe7 43. bxc4 e3 44. a3 Rxb2 45. Kxb2 bxa3+ 46. Kxa3 e2 47. d5 e1Q 48. dxc6 Kd6 49. c7 Qa5+ 50. Kb3 Qxc7 51. h4 Kc5 52. Kc3 Qg3+ 53. Kd2 Kd4 54. c5 Qg2+ 55. Ke1 Kd3 0-1

[Event "BAN-chT2"]
[Site "Dhaka"]
[Date "2016.11.03"]
[Round "1.2"]
[White "Md Emdadul, Haque"]
[Black "Jannatul, Ferdous"]
[Result "1-0"]
[WhiteElo "1996"]
[BlackElo "1518"]
[PlyCount "121"]
[EventDate "2016.11.03"]
[EventType "team-swiss"]
[EventRounds "7"]
[EventCountry "BAN"]
[SourceTitle "CBM 175 Extra"]
[Source "ChessBase"]
[SourceDate "2016.12.12"]
[SourceVersion "1"]
[SourceVersionDate "2016.12.12"]
[SourceQuality "1"]
[WhiteTeam "Uttara Central CC"]
[BlackTeam "Bangladesh Mohila Daba"]
[WhiteTeamCountry "BAN"]
[BlackTeamCountry "BAN"]

1. d4 Nf6 2. Bf4 g6 3. e3 Bg7 4. Nd2 0-0 5. h3 d6 6. Ngf3 Nbd7 7. c3 c5 8. Be2 b6 9. 0-0 Bb7 10. Rc1 cxd4 11. cxd4 Re8 12. Re1 e5 13. dxe5 dxe5 14. Bh2 e4 15. Nd4 Ne5 16. Nc4 Nxc4 17. Bxc4 Rc8 18. Qb3 Re7 19. Nb5 Ra8 20. Rcd1 Rd7 21. Bxf7+ Kh8 22. Be6 Rxd1 23. Rxd1 Qe7 24. Bd6 Qd8 25. Ba3 Qb8 26. Nd6 h6 27. Nf7+ Kh7 28. Bd6 Qe8 29. Ne5 Bf8 30. Bf7 Qc8 31. Bxg6+ Kh8 32. Qf7 Bg7 33. Bf8 Qxf8 34. Qxb7 Qc8 35. Nf7+ Kg8 36. Rd8+ Qxd8 37. Nxd8 Rxd8 38. Bxe4 Nxe4 39. Qxe4 Rd1+ 40. Kh2 Rd2 41. f4 Rxb2 42. f5 Rd2 43. Kg3 a5 44. Kf3 Rd6 45. g4 Kf8 46. h4 Bc3 47. g5 b5 48. Qa8+ Ke7 49. Qb7+ Kd8 50. Qb8+ Kd7 51. Qxb5+ Kc7 52. Qc5+ Rc6 53. Qe7+ Kb6 54. f6 Bb4 55. Qd8+ Kb5 56. f7 Rc3 57. Kg4 Rc4+ 58. Kh5 hxg5 59. hxg5 Ka4 60. Qd1+ Ka3 61. Qb3# 1-0

[Event "BAN-chB 42nd"]
[Site "Dhaka"]
[Date "2016.10.25"]
[Round "6"]
[White "Md Emdadul, Haque"]
[Black "Mehdi, Hasan Parag"]
[Result "0-1"]
[WhiteElo "1996"]
[BlackElo "2242"]
[PlyCount "100"]
[EventDate "2016.10.20"]
[EventType "swiss"]
[EventRounds "11"]
[EventCountry "BAN"]
[SourceTitle "CBM 175 Extra"]
[Source "ChessBase"]
[SourceDate "2016.12.12"]
[SourceVersion "1"]
[SourceVersionDate "2016.12.12"]
[SourceQuality "1"]

1. d4 Nf6 2. Bf4 g6 3. e3 Bg7 4. Nd2 d6 5. Ngf3 c5 6. c3 0-0 7. Be2 Nbd7 8. e4 Nh5 9. Be3 cxd4 10. cxd4 Nb6 11. h3 e5 12. dxe5 dxe5 13. 0-0 Nf4 14. Re1 Be6 15. b3 Qe7 16. Rc1 Rfd8 17. Qc2 Rac8 18. Qb1 g5 19. Bf1 h5 20. Nh2 Bf8 21. Rxc8 Rxc8 22. Qd1 Rd8 23. Qf3 f6 24. Bxb6 axb6 25. Nc4 Rd4 26. g3 Nxh3+ 27. Bxh3 Bxh3 28. Qxh5 Bd7 29. Ne3 Qh7 30. Qxh7+ Kxh7 31. Nd5 Kg6 32. Nxb6 Bc6 33. Nd5 Bxd5 34. exd5 Rxd5 35. Re2 f5 36. Kg2 g4 37. Rc2 Bc5 38. Nf1 f4 39. Rd2 f3+ 40. Kg1 Rxd2 41. Nxd2 Kf5 42. Kf1 e4 43. a4 Ke5 44. Nc4+ Kd5 45. a5 Bd4 46. Nd2 Bc3 47. Nc4 Kc5 48. Kg1 Bb4 49. Ne3 Bxa5 50. Nxg4 Bc3 0-1

[Event "BAN-chB 42nd"]
[Site "Dhaka"]
[Date "2016.10.24"]
[Round "5"]
[White "S, M Sharon"]
[Black "Md Emdadul, Haque"]
[Result "0-1"]
[WhiteElo "2128"]
[BlackElo "1996"]
[PlyCount "102"]
[EventDate "2016.10.20"]
[EventType "swiss"]
[EventRounds "11"]
[EventCountry "BAN"]
[SourceTitle "CBM 175 Extra"]
[Source "ChessBase"]
[SourceDate "2016.12.12"]
[SourceVersion "1"]
[SourceVersionDate "2016.12.12"]
[SourceQuality "1"]

1. e4 c5 2. d3 Nc6 3. f4 d6 4. g3 g6 5. Bg2 Bg7 6. Na3 a6 7. Nf3 Qc7 8. 0-0 Bg4 9. c3 e6 10. Nc2 e5 11. Ne3 Bxf3 12. Qxf3 Nge7 13. Nd5 Nxd5 14. exd5 Nd8 15. fxe5 dxe5 16. Bg5 f5 17. g4 f4 18. d4 cxd4 19. cxd4 Qb6 20. Qf2 0-0 21. dxe5 Qxf2+ 22. Kxf2 Nf7 23. Be7 Nxe5 24. Bxf8 Nxg4+ 25. Ke2 Rxf8 26. Bh3 h5 27. Rab1 g5 28. b3 Re8+ 29. Kd2 Rd8 30. Bxg4 Rxd5+ 31. Kc2 Rc5+ 32. Kd3 hxg4 33. Rg1 Rd5+ 34. Ke4 Re5+ 35. Kd3 Re3+ 36. Kd2 Rh3 37. Rxg4 Rxh2+ 38. Kd3 Bf6 39. a4 Kf7 40. Rc1 Rh3+ 41. Kc4 b5+ 42. axb5 axb5+ 43. Kxb5 Rxb3+ 44. Kc4 Re3 45. Rf1 Re4+ 46. Kd3 Ra4 47. Rb1 Kg6 48. Rb8 Ra3+ 49. Ke2 Kf5 50. Rg1 Re3+ 51. Kf2 g4 0-1

[Event "BAN-chB 42nd"]
[Site "Dhaka"]
[Date "2016.10.23"]
[Round "4"]
[White "Md Emdadul, Haque"]
[Black "Islam, Khandaker Aminul"]
[Result "1/2-1/2"]
[WhiteElo "1996"]
[BlackElo "2154"]
[PlyCount "38"]
[EventDate "2016.10.20"]
[EventType "swiss"]
[EventRounds "11"]
[EventCountry "BAN"]
[SourceTitle "CBM 175 Extra"]
[Source "ChessBase"]
[SourceDate "2016.12.12"]
[SourceVersion "1"]
[SourceVersionDate "2016.12.12"]
[SourceQuality "1"]

1. d4 d5 2. Bf4 Nf6 3. e3 e6 4. Nd2 c5 5. c3 Nc6 6. Bd3 Bd6 7. Bg5 e5 8. dxe5 Nxe5 9. Bc2 0-0 10. Ngf3 Ng6 11. Nh4 Be7 12. Nf5 Bxf5 13. Bxf5 d4 14. cxd4 cxd4 15. 0-0 Nd5 16. Bxe7 Ngxe7 17. e4 Nb4 18. Qb3 Nbc6 19. Bh3 Qa5 1/2-1/2